10 Biggest Cities in The United States (population) - Statistics

General Stats
  • This quiz has been taken 11 times
    8 since last reset
  • The average score is 9 of 10
Answer Stats
Hint Answer % Correct
C Chicago
100%
H Houston
100%
L Los Angeles
100%
N New York
100%
P Philadelphia
100%
P Phoenix
88%
S San Antonio
88%
S San Diego
88%
D Dallas
63%
J Jacksonville
63%
No matching quizzes found
Score Distribution
Percent of People with Each Score
Percentile by Number Answered
Your Score History
You have not taken this quiz since the last reset